000 00521nam a2200181Ia 4500
999 _c27932
_d27932
003 OSt
005 20210106091707.0
008 190216s9999||||xx |||||||||||||| ||und||
020 _a9788124006498
040 _coclc
082 _a894.812301
_bKUN/C
100 _a Kunhabdulla, Punathil
_96411
245 0 _aCamerakannukal /
_cPunathil Kunhabdulla
260 _bCurrent Books,
_aKottayam:
_c1999.
300 _a43p
650 _aKathakal
942 _cBK
_2ddc
_h894.812301
_iKUN/C
_k894.812301
_mKUN/C